000 00505nam a22001937a 4500
005 20190722113813.0
008 190722b xxu||||| |||| 00| 0 eng d
020 _a9788188904921
_cRs. 500.00
040 _aLoreto College
041 _aHindi
082 _a791.43
_bHIM
245 _aSahituya,samaj aur cinema
_cEdited by Himshu
260 _aKolkata
_bAnand Prakashan
_c2017
300 _a376 p.
_b24 cm.
650 _aHindi Cinema
700 _4ed.
_aHimanshu
850 _aLCLIB
942 _cBK
999 _c42269
_d92748